Programming Languages NATO Advanced Study Institute. /

Enregistré dans:
Détails bibliographiques
Autres auteurs: Genuys, F. (Éditeur intellectuel)
Format: Livre
Langue:anglais
Publié: Londýn: Academic Press, 1968.
Édition:1. vyd.
Sujets:
Tags: Ajouter un tag
Pas de tags, Soyez le premier à ajouter un tag!

MARC

LEADER 00000nam a22000003a 4500
001 0018304
003 SK-STU
005 20161027165754.5
007 ta
008 161027s ----xo-----e------000-0-----d
040 |a STU  |b slo 
041 0 |a eng 
100 1 |a Genuys, F.  |4 edt 
245 1 0 |a Programming Languages  |b NATO Advanced Study Institute. /  |c ed. F Genuys 
250 |a 1. vyd. 
260 |a Londýn:  |b Academic Press,  |c 1968. 
300 |a 395 s. 
650 0 7 |a programovacie jazyky 
996 |b 284IK06329  |c I* 16TJ1555  |l I  |s A  |a 24  |w 0018304_0001